| 000 | 00310nam a2200133 i 4500 | ||
|---|---|---|---|
| 001 | bg | ||
| 100 | 1 | _aPŁOCHOCKI, Zbigniew | |
| 245 | 0 |
_aCo to jest laser? / _cZbigniew Płochocki. |
|
| 260 |
_aWarszawa, _c1984. |
||
| 040 | _cBPK | ||
| 041 | _apol | ||
| 942 | _cKS | ||
| 008 | s pl f |000 0 pol | ||
| 999 |
_c22853 _d22853 |
||
| 856 |
_uhttp://koha.tu.koszalin.pl/cgi-bin/koha/opac-detail.pl?biblionumber=22853 _yKatalog online BPK |
||